| 000 | 00345nam a22001457a 4500 | ||
|---|---|---|---|
| 020 | _a9780141345659 | ||
| 040 | _cNUST | ||
| 082 | _a813.6,GRE | ||
| 100 |
_aGreen, John _99895 |
||
| 245 |
_aThe Fault in our stars / _cJohn Green |
||
| 260 |
_aUSA _bPenguin _c2012 |
||
| 300 | _a315 p.; | ||
| 650 |
_aNovel _92525 |
||
| 942 |
_2ddc _cFIC _k813.6,GRE |
||
| 999 |
_c617401 _d617401 |
||